000
00344nam a2200145Ia 4500
100
_a
Ramo Simon & others
942
_c
BK
654
_a
Electronics
245
_a
Fields and Waves in Communications Electronics 3rd ed
260
_b
John Wiley
_a
Singapore
_c
1993
082
_a
537
_b
RAM
300
_a
844
546
_a
ENGLISH
999
_c
30403
_d
30403